MARC details
| 000 -CABECERA |
| campo de control de longitud fija |
01347cam a2200277 a 4500 |
| 001 - NÚMERO DE CONTROL |
| campo de control |
000002793 |
| 005 - FECHA Y HORA DE LA ÚLTIMA TRANSACCIÓN |
| campo de control |
20251112115145.0 |
| 008 - DATOS DE LONGITUD FIJA--INFORMACIÓN GENERAL |
| campo de control de longitud fija |
960830s1999 sp 001 0 spa d |
| 020 ## - NÚMERO INTERNACIONAL ESTÁNDAR DEL LIBRO |
| Número Internacional Estándar del Libro |
8437614163 |
| 040 ## - FUENTE DE LA CATALOGACIÓN |
| Centro catalogador/agencia de origen |
DO-SdBNP |
| Centro/agencia transcriptor |
DLC |
| Centro/agencia modificador |
DLC |
| 082 ## - NÚMERO DE LA CLASIFICACIÓN DECIMAL DEWEY |
| Número de clasificación |
985.01 |
| Número de documento/Ítem |
G216c, 1999 |
| 100 1# - ENTRADA PRINCIPAL--NOMBRE DE PERSONA |
| Nombre de persona |
Vega, Garcilaso de la |
| Fechas asociadas al nombre |
1539-1616. |
| 9 (RLIN) |
8821 |
| 245 10 - MENCIÓN DE TÍTULO |
| Título |
Comentarios reales : |
| Resto del título |
selección / |
| Mención de responsabilidad, etc. |
Inca Garcilaso de la Vega ; edición, Enrique Pupo-Walker. |
| 260 ## - PUBLICACIÓN, DISTRIBUCIÓN, ETC. |
| Lugar de publicación, distribución, etc. |
Madrid : |
| Nombre del editor, distribuidor, etc. |
Cátedra, |
| Fecha de publicación, distribución, etc. |
1999. |
| 300 ## - DESCRIPCIÓN FÍSICA |
| Extensión |
314 p. ; |
| Dimensiones |
18 cm. |
| 440 #0 - MENCIÓN DE SERIE/PUNTO DE ACCESO ADICIONAL--TÍTULO |
| Título |
Letras hispánicas ; |
| Designación de volumen o secuencia |
no. 410 |
| 9 (RLIN) |
4208 |
| 500 ## - NOTA GENERAL |
| Nota general |
Edición de Enrique Pupo- Walker |
| 520 1# - SUMARIO, ETC. |
| Sumario, etc. |
"Excellent introduction to the life and works of Garcilaso de la Vega that includes a superb analysis of classic and contemporary critical studies. Representative selections taken from Diálogos de amor, La Florida, the Comentarios reales and Historia general del Perú. Complete index to latter two works included as an appendix. Highly recommended"--Handbook of Latin American Studies, v. 58. |u http://www.loc.gov/hlas/ |
| 650 #4 - PUNTO DE ACCESO ADICIONAL DE MATERIA--TÉRMINO DE MATERIA |
| Término de materia o nombre geográfico como elemento de entrada |
Incas |
| 9 (RLIN) |
8822 |
| 650 #0 - PUNTO DE ACCESO ADICIONAL DE MATERIA--TÉRMINO DE MATERIA |
| Término de materia o nombre geográfico como elemento de entrada |
Indígenas de América del Sur |
| 9 (RLIN) |
6752 |
| 651 #4 - PUNTO DE ACCESO ADICIONAL DE MATERIA--NOMBRE GEOGRÁFICO |
| Nombre geográfico |
Perú |
| Subdivisión general |
Historia |
| Subdivisión cronológica |
HASTA 1548 |
| 9 (RLIN) |
3124 |
| 650 #4 - PUNTO DE ACCESO ADICIONAL DE MATERIA--TÉRMINO DE MATERIA |
| Término de materia o nombre geográfico como elemento de entrada |
Literatura peruana |
| 9 (RLIN) |
3140 |
| 700 1# - PUNTO DE ACCESO ADICIONAL--NOMBRE DE PERSONA |
| Nombre de persona |
Pupo-Walker, Enrique ; |
| Término indicativo de función/relación |
ed. |
| 9 (RLIN) |
8823 |
| 910 ## - DATOS DE OPCIÓN DEL USUARIO (OCLC) |
| Datos de opción del usuario |
Catalogación por copia / LC |
| 910 ## - DATOS DE OPCIÓN DEL USUARIO (OCLC) |
| Datos de opción del usuario |
Jornada de catalogación |